|
|
|
|
| LEADER |
00582nam a2200169Ia 4500 |
| 008 |
150624b xxu||||| |||| 00| 1 hin d |
| 020 |
|
|
|a 8121402441
|
| 082 |
|
|
|a 863.71M508
|
| 100 |
|
|
|a Mridula Garg
|
| 245 |
|
|
|c Mridula Garg
|a Sangeeth Visangathi.V1 /
|
| 260 |
|
|
|a New Delhi :
|b National Publishing House ,
|c 2004.
|
| 300 |
|
|
|a 386 p.
|
| 546 |
|
|
|a In Hindi.
|
| 650 |
|
|
|v Fiction
|
| 942 |
|
|
|c BK
|
| 999 |
|
|
|c 93138
|d 93138
|
| 952 |
|
|
|0 0
|1 0
|4 2
|6 863_000000000000000_71M508_SAN_1
|7 0
|9 93080
|a UL
|b UL
|c ST1
|d 2005-01-25
|e PBD
|l 7
|m 3
|o 863.71M508 SAN.1
|p 78463
|r 2019-12-30
|s 2019-12-09
|v 400.00
|w 2012-10-27
|y BK
|